[Event "IECG TE.2001.P.00603 email"]
[Site "IECG email"]
[Date "2001.03.20"]
[Round "?"]
[White "Clouatre, Jacques"]
[Black "Hoogendoorn, Albert"]
[Result "0-1"]
[WhiteElo "800"]
[BlackElo "1584"]
[PlyCount "70"]
[EventDate "2001.03.20"]
[EventType "tourn (corr)"]
[EventRounds "12"]
[SourceTitle "Corr 2008"]
[Source "ChessBase"]
[SourceDate "2008.06.24"]
[SourceVersion "1"]
[SourceVersionDate "2008.06.24"]
[SourceQuality "1"]

1. e4 c5 2. d4 cxd4 3. c3 dxc3 4. Nxc3 Nc6 5. Nf3 d6 6. Bc4 a6 7. 0-0 Nf6 8. Re1 e6 9. Bg5 Be7 10. Qd2 b5 11. Bd3 Bb7 12. Be3 Rc8 13. a4 b4 14. Ne2 Ng4 15. h3 Nxe3 16. Qxe3 Bf6 17. Rab1 Qa5 18. b3 0-0 19. Bc4 Rc7 20. Rbd1 Rd8 21. Rd3 Ne5 22. Nxe5 Qxe5 23. g3 Qxe4 24. Qxe4 Bxe4 25. Re3 Bb7 26. Nf4 d5 27. Be2 d4 28. Rd3 e5 29. Nh5 Be7 30. Bf3 Bxf3 31. Rxf3 f6 32. Rd3 g6 33. Nxf6+ Bxf6 34. f3 Rc3 35. Rxc3 bxc3 0-1

[Event "IECG TE.2001.P.00603 email"]
[Site "IECG email"]
[Date "2001.03.20"]
[Round "?"]
[White "Clouatre, Jacques"]
[Black "Morales Pecino, Benito"]
[Result "0-1"]
[WhiteElo "800"]
[BlackElo "1545"]
[PlyCount "60"]
[EventDate "2001.03.20"]
[EventType "tourn (corr)"]
[EventRounds "12"]
[SourceTitle "Corr 2008"]
[Source "ChessBase"]
[SourceDate "2008.06.24"]
[SourceVersion "1"]
[SourceVersionDate "2008.06.24"]
[SourceQuality "1"]

1. e4 c5 2. d4 cxd4 3. c3 dxc3 4. Nxc3 Nc6 5. Nf3 e6 6. Bc4 Nf6 7. 0-0 Qc7 8. Re1 Bc5 9. Be3 Bxe3 10. Rxe3 a6 11. e5 Ng4 12. Re4 Ncxe5 13. Be2 Nxf3+ 14. Bxf3 Qxh2+ 15. Kf1 Nf6 16. Re3 Qh1+ 17. Ke2 Qxd1+ 18. Kxd1 Rb8 19. a4 Ke7 20. Kc2 b6 21. g4 h6 22. Rh1 Rd8 23. Ra1 Bb7 24. Be2 d5 25. Re5 d4 26. Nd1 Kd6 27. f4 g5 28. Kd3 gxf4 29. Kxd4 Rbc8 30. g5 Ke7+ 0-1

[Event "IECG TE.2001.P.00603 email"]
[Site "IECG email"]
[Date "2001.03.20"]
[Round "?"]
[White "Clouatre, Jacques"]
[Black "Triger, Franck"]
[Result "0-1"]
[WhiteElo "800"]
[BlackElo "2224"]
[PlyCount "54"]
[EventDate "2001.03.20"]
[EventType "tourn (corr)"]
[EventRounds "12"]
[SourceTitle "Corr 2008"]
[Source "ChessBase"]
[SourceDate "2008.06.24"]
[SourceVersion "1"]
[SourceVersionDate "2008.06.24"]
[SourceQuality "1"]

1. e4 c5 2. d4 cxd4 3. c3 dxc3 4. Nxc3 Nc6 5. Nf3 e6 6. Bd3 a6 7. Be3 b5 8. 0-0 d6 9. Re1 Be7 10. a3 Bb7 11. Nd2 Nf6 12. b4 Rc8 13. Ne2 0-0 14. Nc3 Nxb4 15. Na4 Nxd3 16. Nb6 Rc6 17. Re2 Nc5 18. Nbc4 bxc4 19. Nxc4 Nfxe4 20. f3 Nc3 21. Qc2 Nxe2+ 22. Qxe2 Qc7 23. Bf4 Nb3 24. Rb1 Rxc4 25. g3 Nd4 26. Rxb7 Nxe2+ 27. Kf2 Qxb7 0-1

[Event "IECG TE.2001.P.00603 email"]
[Site "IECG email"]
[Date "2001.03.20"]
[Round "?"]
[White "Triger, Franck"]
[Black "Clouatre, Jacques"]
[Result "1-0"]
[WhiteElo "2224"]
[BlackElo "800"]
[PlyCount "31"]
[EventDate "2001.03.20"]
[EventType "tourn (corr)"]
[EventRounds "12"]
[SourceTitle "Corr 2008"]
[Source "ChessBase"]
[SourceDate "2008.06.24"]
[SourceVersion "1"]
[SourceVersionDate "2008.06.24"]
[SourceQuality "1"]

1. e4 c5 2. d4 cxd4 3. c3 dxc3 4. Nxc3 Nc6 5. Nf3 e5 6. Bc4 Nh6 7. Bxh6 g6 8. Bxf8 Rxf8 9. Nb5 Qa5+ 10. Kf1 Qb4 11. Qd5 Kd8 12. b3 Na5 13. Nxe5 Qe7 14. Nd4 d6 15. Qxa5+ Ke8 16. Bb5+ 1-0

[Event "IECG CN.2000.0.00224"]
[Site "IECG email"]
[Date "2000.11.21"]
[Round "?"]
[White "Chuet, Stephane"]
[Black "Clouatre, Jacques"]
[Result "0-1"]
[WhiteElo "800"]
[BlackElo "800"]
[PlyCount "20"]
[EventDate "2000.11.21"]
[EventType "tourn (corr)"]
[EventRounds "6"]
[SourceTitle "Corr 2008"]
[Source "ChessBase"]
[SourceDate "2008.06.24"]
[SourceVersion "1"]
[SourceVersionDate "2008.06.24"]
[SourceQuality "1"]

1. e4 e5 2. f4 d6 3. Nf3 Nc6 4. Nc3 f6 5. Bc4 Nh6 6. 0-0 g6 7. d4 Nf7 8. Bxf7+ Kxf7 9. dxe5 f5 10. exf5 Bxf5 0-1

[Event "IECG CN.2000.0.00224"]
[Site "IECG email"]
[Date "2000.11.21"]
[Round "?"]
[White "Clouatre, Jacques"]
[Black "Lord, Vince"]
[Result "0-1"]
[WhiteElo "800"]
[BlackElo "644"]
[PlyCount "72"]
[EventDate "2000.11.21"]
[EventType "tourn (corr)"]
[EventRounds "6"]
[SourceTitle "Corr 2008"]
[Source "ChessBase"]
[SourceDate "2008.06.24"]
[SourceVersion "1"]
[SourceVersionDate "2008.06.24"]
[SourceQuality "1"]

1. e4 e5 2. Nf3 Nc6 3. Nc3 Bc5 4. Be2 Nf6 5. 0-0 a6 6. Re1 d6 7. h3 Be6 8. b3 0-0 9. d3 Nd4 10. Bg5 c6 11. Qb1 b5 12. b4 Ba7 13. Bd1 h6 14. Bh4 g5 15. Bg3 Nxf3+ 16. Bxf3 Bd4 17. Qb2 a5 18. a3 Qb6 19. Re2 c5 20. Rae1 cxb4 21. axb4 Ra7 22. Qa3 Bxc3 23. Qxc3 a4 24. Rd2 Rc8 25. Qb2 a3 26. Qa1 Nd7 27. c3 a2 28. Rdd1 f6 29. Qb2 Qc7 30. Rc1 Nb6 31. Be2 Na4 32. Qc2 Nxc3 33. f3 Nxe2+ 34. Qxe2 Qxc1 35. Qxa2 Rxa2 36. Rxc1 Rxc1+ 0-1

[Event "IECG CN.2000.0.00224"]
[Site "IECG email"]
[Date "2000.11.21"]
[Round "?"]
[White "Venturas, Bob"]
[Black "Clouatre, Jacques"]
[Result "1-0"]
[WhiteElo "600"]
[BlackElo "800"]
[PlyCount "119"]
[EventDate "2000.11.21"]
[EventType "tourn (corr)"]
[EventRounds "6"]
[SourceTitle "Corr 2008"]
[Source "ChessBase"]
[SourceDate "2008.06.24"]
[SourceVersion "1"]
[SourceVersionDate "2008.06.24"]
[SourceQuality "1"]

1. e4 e5 2. Nf3 Nc6 3. Bb5 Nf6 4. Bxc6 bxc6 5. Qe2 Bd6 6. d4 Qe7 7. 0-0 Ng4 8. h3 Nh6 9. Bxh6 gxh6 10. Re1 Bb7 11. Qd2 f6 12. Qxh6 0-0-0 13. Qe3 c5 14. d5 Rdg8 15. Nfd2 h5 16. Nc4 Rg6 17. Qb3 Qg7 18. g3 h4 19. g4 Rg8 20. f3 Qh6 21. Na5 Ba8 22. Na3 Qf4 23. Re2 Qg3+ 24. Rg2 Qf4 25. Nb5 f5 26. Nxa7+ Kd8 27. Qb8+ Ke7 28. Nc8+ Kf7 29. Qxa8 fxe4 30. fxe4 Qe3+ 31. Rf2+ Rf6 32. Raf1 Rf8 33. Nc4 Qg3+ 34. Rg2 Qxh3 35. g5 Rxf1+ 36. Kxf1 Kg6+ 37. Kg1 Qf3 38. Nd2 Qe3+ 39. Kh2 h3 40. Nc4 Qf3 41. Ne7+ Bxe7 42. Nxe5+ Kg7 43. Nxf3 Rxa8 44. Kxh3 Rxa2 45. b3 Ra3 46. Ne5 d6 47. Nf3 Ra8 48. Nh4 Rh8 49. Kg4 Rg8 50. Nf5+ Kf8 51. Kh5 Rh8+ 52. Nh6 Ke8 53. g6 Bf8 54. g7 Bxg7 55. Rxg7 Kf8 56. Kg6 Ke8 57. Rxc7 Rf8 58. Rc8+ Ke7 59. Ng8+ Rxg8+ 60. Rxg8 1-0